Emperor's New Clothes - Panic! At The Disco (All Lyrics) - Statistics

General Stats
  • This quiz has been taken 165 times
  • The average score is 236 of 290
Answer Stats
Emperor's New Clothes % Correct
I
98%
a
97%
and
97%
Pre-Chorus And
97%
it
97%
the
97%
The
97%
mine
96%
taste
95%
back
94%
crown
93%
Chorus I'm
93%
take
93%
see
92%
taking
92%
you
91%
know
90%
to
89%
die
88%
of
88%
what's
88%
be
86%
good
86%
losers
86%
me
86%
naked
86%
so
86%
Intro | Outro Finders
85%
If
85%
if
85%
keepers
85%
must
85%
up
85%
Dress
84%
feels
84%
oh
84%
Oh
84%
don't
83%
now
83%
tastes
83%
can
82%
close
82%
watch
82%
all
80%
Verse 1 Welcome
80%
end
79%
weepers
79%
dressed
78%
my
77%
eras
76%
time
73%
yeah
73%
life
71%
tonight
71%
just
70%
ghost
69%
sentence
68%
but
67%
never
67%
Done
66%
might
66%
legends
65%
served
65%
ice
63%
your
63%
always
59%
decapitated
59%
Dynasty
59%
get
59%
than
59%
am
58%
Heroes
58%
melted
58%
royal
58%
more
57%
remembered
57%
much
56%
eyes
55%
has
55%
wine
53%
them
52%
run
49%
chain
48%
vintage
48%
fun
47%
lavish
45%
world
45%
on
44%
Snatch
43%
sofas
43%
switch
41%
Flip
36%
castles
34%
into
34%
kings
34%
mansions
34%
mace
33%
ruling
33%
sockets
32%
are
30%
velvet
30%
Verse 2 Sycophants
29%
Liars
26%
Bridge Mortal
26%
settle
24%
No matching quizzes found
Score Distribution
Percent of People with Each Score
Percentile by Number Answered
Your Score History
You have not taken this quiz